000 00740nam a2200181Ia 4500
008 090124s9999 xx 000 0 und d
082 _b44353
100 _aगोन्सालविस जॉन
245 _aDINMAHATMYA संस्कारासाठी दिनमाहात्म्य
250 _a1
260 _bप्राजक्ता प्रकाशन
_c2006
300 _a264
600 _aगोन्सालविस जॉन
630 _aDINMAHATMYA संस्कारासाठी दिनमाहात्म्य
700 _aगोन्सालविस जॉन
730 _aDINMAHATMYA संस्कारासाठी दिनमाहात्म्य
942 _cBOOK
999 _c110567
_d110567